000 01375na a2200325 4500
001 21998
003 MIRAKIL
005 20181213155216.0
008 170209b tu 000 0
040 _aMilas
_btur
_cTR-AnCHP
041 _atur
090 _aSHP 3
100 _aİnönü, Erdal
_cGenel Başkanı ve Başbakan yardımcısı
222 _aErdal İnönü'nün konuşmaları
245 _aSHP Genel Başkanı Erdal İnönü'nün Hac Faciası ile ilgili genel görüşme nedeniyle TBMM Genel Kurulunda yaptığı konuşma
_c[Erdal İnönü]
246 _aSHP Genel Başkanı Erdal İnönü'nün Hac Faciası ile ilgili Genel Görüşme Nedeniyle TBMM Genel Kurulunda Yaptığı Konuşma
260 _aAnkara
_b[SHP]
_c19 Temmuz 1990
300 _a15 s.
_c19 sm.
440 _aSHP yayınları
_pSöylev ve demeçler
600 _aİnönü, Erdal
_xSöylev ve demeçler
600 _aİnönü, Erdal
_cGenel Başkanı ve Başbakan yardımcısı
_xKonuşmalar, 1990
_xHac, 1990
_yTBMM, 1990
_yGenel Kurul, 1990
610 _aSHP
_xSöylev ve demeçler
650 _aSHP Genel başkanları
_xİnönü, Erdal
_yKonuşmalar, 1990
657 _aErdal İnönünün konuşmaları
710 _aSHP
740 _aSHP Genel başkanı ve Başbakan yardımcısı Erdal İnönü'nün konuşmaları
830 _aSHP yayınları
942 _2dcc
_cBKS
999 _c8531
_d8531